000 00734nam a2200217 i 4500
001 188979
003 ES-MaACL
005 20250824203230.0
007 t|
008 190307s1969 sp ||||1| spa d
100 0 _aJané Solá, José.
_966003
245 1 3 _aEl problema de los salarios en España /
_cJosé Jané Sola ; prólogo de Fabián Estapé.
260 _aBarcelona :
_bOikos-Tau,
_c[1969]
300 _a275 p. ;
_c21 cm.
490 1 _aColección "Libros de Economía Oikos" ;
_v18
650 0 4 _aSalarios-
_zEspaña.
_916968
700 1 _aEstapé, Fabián (
_d1923-2012)
_948011
830 0 0 _aColección "Libros de economía Oikos"
_v18
_9187436
852 _aES-MaACL
_jP-522-Ter-18
999 _c188979
_d188979